• 首页
  • 本馆介绍
  • 公告通知
  • 最新文献
  • 馆藏检索
  • 电子资源
  • 读者导购
  • 参考咨询
  • 我的图书馆
  • 登录
  • 详细信息显示
  • 放入我的书架
  • 预约/预借图书
  • 作者相关作品
  • 分类相关作品
  • 丛书相关作品
  • 出版社相关作品

书目信息

  • 表格格式
  • 工作单格式
  • 卡片格式
题名:
匈牙利现代小说选
    
 
作者: 德里 著 ;柴鹏飞 译
分册:  
出版信息: 北京   外国文学出版社  1984
页数: 499页
开本: 19cm
丛书名:
单 册:
中图分类: I515.45 , I515.4
科图分类:
主题词: 小说--匈牙利--现代--选集 , 文学
电子资源:
ISBN:
000 00762nam0 2200277 45
001 0184003727
005 20040413091559.1
010    @dCNY1.40
091    @a10208.177
100    @a19950509d1984 em y0chiy0121 ea
101 1  @achi@chun
102    @aCN@b110000
105    @ay z 000ay
106    @ar
200 10 @a匈牙利现代小说选@Axiong ya li xian dai xiao shuo xuan@f(匈)德里·蒂博尔等著@g柴鹏飞等译
210    @a北京@c外国文学出版社@d1984
215    @a499页@d19cm
606    @a小说@y匈牙利@z现代@x选集
606 0  @a文学
690    @aI515.45@v3
690    @aI515.4
701  0 @a德里@Ade li@b蒂博尔@4著
702  0 @a柴鹏飞@Achai peng fei@4译
801  0 @aCN@b上海图书馆@c20040413
801  2 @aCN@bNLC@c20040413
905    @f1@b111022@dI515.4@e5
    
    匈牙利现代小说选/(匈)德里·蒂博尔等著/柴鹏飞等译.-北京:外国文学出版社,1984
    499页;19cm
    
    
    ISBN :CNY1.40
    
●
相关链接 在E读中查询图书 在五车中查询图书 在当当中查询图书 在豆瓣中查询图书


正题名:匈牙利现代小说选     索取号:I515.4/5         预约/预借

序号 登录号 条形码 馆藏地/架位号 状态 备注
1 0111020   000335015   第二借阅区/ [索取号:I515.4/5] 在馆    
2 0111021   000334935   第二借阅区/ [索取号:I515.4/5] 在馆    
3 0111022   000334891   第二借阅区/ [索取号:I515.4/5] 在馆    
4 0111023   000334855   第二借阅区/ [索取号:I515.4/5] 在馆    
5 0111024   000334971   第一样本阅览室/ [索取号:I515.4/5] 在馆    
唐山师范学院图书馆 欢迎您!
大连网信软件有限公司© 版权所有